Battle of the boulevards (Record no. 77801)
[ view plain ]
| 000 -LEADER | |
|---|---|
| fixed length control field | 00950cab a2200193 4500 |
| 001 - CONTROL NUMBER | |
| control field | ##L135141 |
| 008 - FIXED-LENGTH DATA ELEMENTS--GENERAL INFORMATION | |
| fixed length control field | 060928n2006 000 0 eng u |
| 035 ## - SYSTEM CONTROL NUMBER | |
| System control number | (Sirsi) u135141 |
| 041 0# - LANGUAGE CODE | |
| Language code of text/sound track or separate title | eng |
| 100 1# - MAIN ENTRY--PERSONAL NAME | |
| Personal name | Young, Eleanor |
| 245 00 - TITLE STATEMENT | |
| Title | Battle of the boulevards |
| 260 ## - PUBLICATION, DISTRIBUTION, ETC. | |
| Date of publication, distribution, etc. | 2006 |
| 490 #0 - SERIES STATEMENT | |
| Series statement | RIBA Journal |
| Volume/sequential designation | 113(10) October 2006, 44-48(5) |
| 520 ## - SUMMARY, ETC. | |
| Summary, etc. | Looks at car-friendly, low-density Milton Keynes which will be 40 years old in 2007. Describes the development spurt that Milton Keynes is experiencing as one of the government's four national growth areas, which will put pressure on its network of boulevards and landscapes. Concludes that Milton Keynes's saving grace might be found in the quality of housing and more ordinary buildings rather than any city centre grand plan. |
| 590 ## - LOCAL NOTE (RLIN) | |
| Local note | IKA031006 |
| 651 #4 - SUBJECT ADDED ENTRY--GEOGRAPHIC NAME | |
| Geographic name | MILTON KEYNES |
| 690 ## - LOCAL SUBJECT ADDED ENTRY--TOPICAL TERM (OCLC, RLIN) | |
| Topical term or geographic name as entry element | ENVIRONMENTAL AND LAND CONSULTANCY-PLANNING AND DEVELOPMENT-STRATEGIC PLANNING |
| 942 ## - ADDED ENTRY ELEMENTS (KOHA) | |
| Suppress in OPAC | 0 |
| Withdrawn status | Lost status | Source of classification or shelving scheme | Damaged status | Not for loan | Home library | Current library | Shelving location | Date acquired | Total Checkouts | Full call number | Barcode | Date last seen | Copy number | Price effective from | Koha item type |
|---|---|---|---|---|---|---|---|---|---|---|---|---|---|---|---|
| Dewey Decimal Classification | London | London | Journal article | 28/09/2006 | L135141 | 135141-1001 | 06/08/2019 | 1 | 06/08/2019 | Journal article |